5HLuxD.jpg

KING HENRY VIII SENIOR AND PRIMARY SCHOOL LIBRARY OPAC

The King's Pudding / (Record no. 5631)

000 -LEADER
fixed length control field 00942nam a22002417a 4500
003 - CONTROL NUMBER IDENTIFIER
control field OSt
005 - DATE AND TIME OF LATEST TRANSACTION
control field 20251010141653.0
008 - FIXED-LENGTH DATA ELEMENTS--GENERAL INFORMATION
fixed length control field 251010b ||||| |||| 00| 0 eng d
020 ## - INTERNATIONAL STANDARD BOOK NUMBER
International Standard Book Number 9781409591528
Qualifying information book set
040 ## - CATALOGING SOURCE
Transcribing agency KH8
082 ## - DEWEY DECIMAL CLASSIFICATION NUMBER
Classification number FIC MAC
100 ## - MAIN ENTRY--PERSONAL NAME
Personal name Mackinnon, Mairi,
Relator term author.
245 ## - TITLE STATEMENT
Title The King's Pudding /
Statement of responsibility, etc. retold by Mairi Mackinnon ; illustrated by Nathalie Ragondet.
260 ## - PUBLICATION, DISTRIBUTION, ETC.
Place of publication, distribution, etc. England ;
Name of publisher, distributor, etc. Usborne Publishing Ltd,
Date of publication, distribution, etc. 2012.
300 ## - PHYSICAL DESCRIPTION
Extent 48 pages :
Other physical details color illustrations ;
Dimensions 20 cm.
490 ## - SERIES STATEMENT
Series statement Usborne First Reading
Volume/sequential designation level three
520 ## - SUMMARY, ETC.
Summary, etc. The jungle is a dangerous place, especially when thre's a hungry tiger on the prowl. Luckily, Little Deer is quick - thinking, and quick on his feet too. Tiger may be about to learn his lesson.
650 ## - SUBJECT ADDED ENTRY--TOPICAL TERM
Topical term or geographic name entry element Easy reading
Form subdivision fiction
650 ## - SUBJECT ADDED ENTRY--TOPICAL TERM
Topical term or geographic name entry element Story book
Form subdivision fiction
700 ## - ADDED ENTRY--PERSONAL NAME
Personal name Ragondet, Nathalie ,
Relator term illustrated.
830 ## - SERIES ADDED ENTRY--UNIFORM TITLE
Uniform title Usborne First Reading
942 ## - ADDED ENTRY ELEMENTS (KOHA)
Source of classification or shelving scheme
Koha item type Books
Holdings
Withdrawn status Lost status Source of classification or shelving scheme Damaged status Not for loan Collection code Permanent Location Current Location Shelving location Date acquired Full call number Barcode Date last seen Price effective from Koha item type
          Fiction KH8 Senior School Library KH8 Senior School Library Staff Office 2025-10-10 FIC MAC BRKHSL000047 2025-10-10 2025-10-10 Books - Fiction

Powered By KH8 IT Dept